00962pam a2200277 a 45000010005000000030008000050050017000130080039000300200017000690350018000860400032001040410008001360820024001441000031001682450058001992600062002573000036003194900061003555000020004165040030004366500024004666500033004909420012005239990015005359520134005507100BD-RjUL20211208234350.0130114r19891987enka b 00110 eng a0471916498 : a(BD-RjUL)7142 aDLCcDLCdBOSdBD-RjULbeng aeng04219a519.2bSTC 198910aStoyanov, Jordan M.92223710aCounterexamples in probability /cJordan M. Stoyanov. aChichester ;aNew York :bWiley,cc1987 [Reprinted 1989]. axxiii, 313 p. :bill. ;c24 cm.0 aWiley series in probability and mathematical statistics. aIncludes index. aBibliography: p. 293-309. 0aProbabilities.9243 0aStochastic processes.922238 2ddccBK c7100d7100 00102ddc4071aRUCLbRUCLcstackd1990-01-15eAbacus Londong42.50l0o519.2 STC 1989r2014-01-13 00:00:00tC-1w2014-01-13yBK